[Event "Norway Chess Open GM 2025"]
[Site "Stavanger NOR"]
[Date "2025.05.30"]
[Round "7.38"]
[White "Wiger-Nordas, Felix"]
[Black "Follana Albelda, Lucia"]
[Result "1/2-1/2"]
[WhiteElo "1924"]
[BlackElo "2022"]
[WhiteFideId "1557203"]
[BlackFideId "24516937"]
[EventDate "2025.05.26"]

1. e4 c6 2. Nf3 d5 3. d3 dxe4 4. dxe4 Qxd1+ 5. Kxd1 Nf6 6. Nfd2 Ng4 7. Ke1 e5 8.
h3 Nf6 9. Bd3 Bd6 10. Nc4 Bc7 11. a4 Na6 12. Be3 Be6 13. f3 Nb4 14. Nbd2 O-O 15.
g4 Rfd8 16. Ke2 Ne8 17. a5 f6 18. Bc5 Nxd3 19. cxd3 Rd7 20. Ra3 g6 21. Be3 Bd8
22. Nb3 Be7 23. Nc5 Bxc5 24. Bxc5 Bxc4 25. dxc4 Rad8 26. Be3 Ng7 27. Raa1 Ne6
28. Rhd1 Rxd1 29. Rxd1 Rxd1 30. Kxd1 c5 31. b4 b6 32. axb6 axb6 33. bxc5 bxc5
34. Ke2 Kf7 35. Bd2 Ke7 36. h4 Nd4+ 37. Kf2 Kd6 38. Bh6 1/2-1/2

[Event "Norway Chess Open GM 2025"]
[Site "Stavanger NOR"]
[Date "2025.05.30"]
[Round "7.39"]
[White "Pintor, Simao"]
[Black "Lewandrowski, Tomasz"]
[Result "1-0"]
[WhiteElo "2021"]
[BlackElo "1979"]
[WhiteFideId "1904787"]
[BlackFideId "1154753"]
[EventDate "2025.05.26"]

1. e4 c5 2. Nf3 Nc6 3. d4 cxd4 4. Nxd4 e5 5. Nb5 d6 6. N1c3 a6 7. Na3 Be7 8. Nc4
b5 9. Ne3 Nf6 10. Bd3 O-O 11. O-O Nb4 12. Be2 Be6 13. a3 Nc6 14. Bd3 Nd7 15.
Ncd5 Bg5 16. b4 Ne7 17. c4 Bxd5 18. exd5 bxc4 19. Nxc4 Bxc1 20. Rxc1 Nb6 21. Na5
f5 22. Nc6 Nxc6 23. Rxc6 Rf6 24. Qc2 e4 25. Be2 a5 26. Rb1 Nd7 27. b5 Nc5 28. b6
Rf7 29. Rxc5 dxc5 30. Qxc5 Rb7 31. d6 Rab8 32. Bb5 Rxb6 33. d7 Rf6 34. Rd1 Rf8
35. Rd5 Qf6 36. Re5 Kh8 37. h3 h5 38. Re8 Rd8 39. Qc8 h4 40. a4 g5 41. Qc4 g4
42. hxg4 fxg4 43. Qc5 g3 44. fxg3 hxg3 45. Qh5+ Kg7 46. Qg4+ Qg6 47. Rxe4 Rf6
48. Qxg6+ Kxg6 49. Rg4+ Kf7 50. Rxg3 Ke7 51. Re3+ Kd6 52. Rd3+ Ke7 53. Rh3 Rg8
54. Re3+ Kd6 55. g3 Rd8 56. Kg2 Kc7 57. Rc3+ Kd6 58. g4 Rff8 59. Kg3 Rg8 60. Rf3
Ke5 61. Rf5+ Kd6 62. Rf6+ Kc5 63. Ra6 Kb4 64. Re6 Kc5 65. Re8 Kd6 66. Kf4 Kc7
67. g5 Rf8+ 68. Ke5 Rb8 69. g6 Rd8 70. g7 Rg8 71. Kf6 1-0

[Event "Norway Chess Open GM 2025"]
[Site "Stavanger NOR"]
[Date "2025.05.31"]
[Round "8.1"]
[White "Galperin, Platon"]
[Black "Wang, Hao(ZJ)"]
[Result "1/2-1/2"]
[WhiteTitle "GM"]
[WhiteElo "2494"]
[BlackElo "2418"]
[WhiteFideId "14165414"]
[BlackFideId "8631859"]
[EventDate "2025.05.26"]

1. c4 e6 2. g3 Nf6 3. Bg2 Nc6 4. Nf3 d5 5. O-O dxc4 6. Qa4 Nd7 7. Qxc4 e5 8. b3
Bd6 9. Bb2 O-O 10. Na3 Nb6 11. Qc2 Bd7 12. Rac1 Qe7 13. Nc4 Nxc4 14. bxc4 b6 15.
Nh4 g6 16. e3 Rad8 17. d4 Ba3 18. d5 Bxb2 19. Qxb2 Nb4 1/2-1/2

[Event "Norway Chess Open GM 2025"]
[Site "Stavanger NOR"]
[Date "2025.05.31"]
[Round "8.2"]
[White "Kunin, Vitaly"]
[Black "Knuedel, Torben"]
[Result "1/2-1/2"]
[WhiteTitle "GM"]
[BlackTitle "FM"]
[WhiteElo "2497"]
[BlackElo "2319"]
[WhiteFideId "4128737"]
[BlackFideId "16208820"]
[EventDate "2025.05.26"]

1. d4 Nf6 2. c4 e6 3. Nf3 d5 4. Nc3 c5 5. cxd5 cxd4 6. Qxd4 exd5 7. Bg5 Be7 8.
e3 O-O 9. Be2 h6 10. Bh4 Nc6 11. Qd3 Nb4 12. Qb1 Ne4 13. Bxe7 Qxe7 14. Nd4 Re8
15. a3 Nxf2 16. Kxf2 Qxe3+ 17. Kf1 Qxd4 18. axb4 Qf4+ 19. Bf3 Bg4 20. Qd1 Re3
21. Nxd5 Qc4+ 22. Kf2 Rd3 23. Ne3 Qd4 24. Qxd3 Qxd3 25. Rhd1 Qb3 26. Nxg4 Qxb2+
27. Kg1 Qxb4 28. Kh1 a5 29. Rab1 Qc3 30. Bxb7 Re8 31. Bd5 Kh7 32. Bxf7 Re2 33.
h3 a4 34. Rb6 Re1+ 35. Rxe1 Qxe1+ 36. Kh2 g5 37. Bd5 h5 38. Nf6+ Kg7 39. Nxh5+
Kf8 40. Re6 Qa5 41. Nf6 Qc7+ 42. Kg1 a3 43. g4 Qg3+ 44. Kf1 Qxh3+ 45. Ke2 a2 46.
Nd7+ Kg7 47. Re7+ Kh8 48. Re8+ Kh7 49. Be4+ Kg7 50. Re7+ Kh8 51. Re8+ Kg7 52.
Re7+ Kh8 53. Re8+ 1/2-1/2

[Event "Norway Chess Open GM 2025"]
[Site "Stavanger NOR"]
[Date "2025.05.31"]
[Round "8.3"]
[White "Kvaloy, Aksel Bu"]
[Black "Yankelevich, Lev"]
[Result "1/2-1/2"]
[WhiteTitle "IM"]
[BlackTitle "GM"]
[WhiteElo "2479"]
[BlackElo "2422"]
[WhiteFideId "1528815"]
[BlackFideId "24684074"]
[EventDate "2025.05.26"]

1. e4 e6 2. d4 d5 3. Nd2 c5 4. Ngf3 Nf6 5. exd5 exd5 6. Bb5+ Bd7 7. Bxd7+ Nbxd7
8. O-O Be7 9. dxc5 Nxc5 10. Nd4 Qd7 11. N2f3 Bd6 12. Qe2+ Nce4 13. Qb5 Rc8 14.
Qxd7+ Kxd7 15. c3 Rhe8 16. Nf5 Bf8 17. Bf4 g6 18. Ne3 Bd6 19. Bxd6 Nxd6 20. Rad1
Rc5 21. Nd4 Nc4 22. Nb3 Rc7 23. Nxd5 Nxd5 24. Rxd5+ Kc8 25. Nd4 Nxb2 26. Nb5 Rd7
27. Nxa7+ Kd8 28. Rxd7+ Kxd7 29. Rb1 Ra8 30. Rxb2 Rxa7 31. Kf1 Kc6 32. Ke2 b5
33. Kd3 Kc5 34. h4 Ra3 35. g3 f6 36. Rc2 Kd5 37. Rd2 Kc5 38. Rb2 h5 39. Rc2 Ra6
40. Re2 Kd5 41. Rc2 Ra3 42. Rb2 Kc5 43. Kc2 Kc6 44. f3 Kc5 45. Kd3 Ra6 46. Re2
Kd5 47. Rg2 Ra3 48. Rb2 Kc5 49. Rc2 1/2-1/2

[Event "Norway Chess Open GM 2025"]
[Site "Stavanger NOR"]
[Date "2025.05.31"]
[Round "8.4"]
[White "Hansen, Torbjorn Ringdal"]
[Black "Urkedal, Frode Olav Olsen"]
[Result "1-0"]
[WhiteTitle "GM"]
[BlackTitle "GM"]
[WhiteElo "2407"]
[BlackElo "2562"]
[WhiteFideId "1501720"]
[BlackFideId "1506102"]
[EventDate "2025.05.26"]

1. Nf3 d5 2. g3 g6 3. Bg2 Bg7 4. d4 Nf6 5. O-O O-O 6. c4 c6 7. a4 Be6 8. Nc3 h6
9. h3 Qc8 10. Kh2 Rd8 11. a5 dxc4 12. e4 Na6 13. Qe2 b5 14. axb6 axb6 15. Rd1
Nb4 16. Rxa8 Qxa8 17. Ne5 Nd3 18. d5 cxd5 19. exd5 Bxh3 20. Nxf7 Bxg2 21. Nxd8
Nxd5 22. Qe6+ Kh7 23. Bxh6 Nxc3 24. Qxe7 Kxh6 25. Qh4# 1-0

[Event "Norway Chess Open GM 2025"]
[Site "Stavanger NOR"]
[Date "2025.05.31"]
[Round "8.5"]
[White "Rozentalis, Eduardas"]
[Black "Mahitosh, Dey"]
[Result "1/2-1/2"]
[WhiteTitle "GM"]
[BlackTitle "FM"]
[WhiteElo "2470"]
[BlackElo "2240"]
[WhiteFideId "12800023"]
[BlackFideId "25091468"]
[EventDate "2025.05.26"]

1. e4 c6 2. d4 d5 3. exd5 cxd5 4. Bd3 Nc6 5. c3 Nf6 6. Nf3 Bg4 7. O-O e6 8. Bf4
Bd6 9. Bxd6 Qxd6 10. Nbd2 O-O 11. Qe1 Nd7 12. Qe3 f6 13. c4 Rae8 14. Rae1 Bh5
15. Bb1 Bf7 16. cxd5 exd5 17. Qb3 Qb4 18. Qxb4 Nxb4 19. a3 Nc6 20. Bd3 Rxe1 21.
Rxe1 Re8 22. Rc1 Bh5 23. Bb5 Bxf3 24. Nxf3 Rc8 25. Kf1 Nb6 26. Bxc6 Rxc6 27.
Rxc6 bxc6 28. b3 Kf7 29. Ke2 1/2-1/2

[Event "Norway Chess Open GM 2025"]
[Site "Stavanger NOR"]
[Date "2025.05.31"]
[Round "8.6"]
[White "Sanket, Chakravarty"]
[Black "Vestby-Ellingsen, Mads"]
[Result "1/2-1/2"]
[WhiteTitle "IM"]
[BlackTitle "IM"]
[WhiteElo "2303"]
[BlackElo "2382"]
[WhiteFideId "25032038"]
[BlackFideId "1520857"]
[EventDate "2025.05.26"]

1. d4 Nf6 2. Nf3 d5 3. e3 e6 4. Bd3 c5 5. b3 Nc6 6. Bb2 Bd6 7. Nbd2 O-O 8. O-O
b6 9. Ne5 Bb7 10. f4 Rc8 11. a3 Ne7 12. Qf3 Qc7 13. Qh3 Ne4 14. Ndf3 Bxe5 15.
Nxe5 Nf5 16. dxc5 bxc5 17. Bxe4 1/2-1/2

[Event "Norway Chess Open GM 2025"]
[Site "Stavanger NOR"]
[Date "2025.05.31"]
[Round "8.7"]
[White "Tulchynskyi, Feliks"]
[Black "Kantor, Gergely"]
[Result "0-1"]
[WhiteTitle "FM"]
[BlackTitle "GM"]
[WhiteElo "2380"]
[BlackElo "2581"]
[WhiteFideId "34127895"]
[BlackFideId "751499"]
[EventDate "2025.05.26"]

1. e4 e5 2. Nf3 Nc6 3. Bb5 a6 4. Ba4 Nf6 5. O-O Bc5 6. c3 b5 7. Bb3 d6 8. d4 Bb6
9. Be3 O-O 10. h3 Re8 11. Nbd2 h6 12. Re1 exd4 13. cxd4 Nb4 14. Qe2 c5 15. a3 c4
16. axb4 cxb3 17. Qd3 Nxe4 18. Nxe4 Bf5 19. Nfd2 d5 20. f3 Bg6 21. Bf2 dxe4 22.
fxe4 Qd6 23. Ra3 Bc7 24. g3 Qxb4 25. Rxb3 Qe7 26. Ra1 Qd7 27. Rc3 Bd6 28. Kh2
Bb4 29. Rcc1 a5 30. Re1 Rac8 31. Rac1 Rxc1 32. Rxc1 f5 33. e5 Rxe5 34. Nf3 Re4
35. Qc2 f4 36. Qc8+ Qxc8 37. Rxc8+ Kh7 38. gxf4 Rxf4 39. Kg3 Rf8 40. Rxf8 Bxf8
41. Kf4 a4 42. Ne5 b4 43. Be1 Be7 44. Nc4 Bf7 45. Ne5 Be6 46. Ke4 b3 47. Bc3
Bxh3 48. d5 Bf1 49. Nc6 a3 50. Na5 Bg2+ 51. Kd4 Bf6+ 52. Kc4 Bxd5+ 53. Kxd5 Bxc3
54. bxc3 b2 0-1

[Event "Norway Chess Open GM 2025"]
[Site "Stavanger NOR"]
[Date "2025.05.31"]
[Round "8.8"]
[White "Amar, Elham"]
[Black "Harish, Neeraj"]
[Result "1-0"]
[WhiteTitle "GM"]
[BlackTitle "CM"]
[WhiteElo "2569"]
[BlackElo "2192"]
[WhiteFideId "1533533"]
[BlackFideId "30958130"]
[EventDate "2025.05.26"]

1. e4 c5 2. Nf3 e6 3. c3 d5 4. e5 d4 5. d3 Nc6 6. g3 Nge7 7. Bg2 Ng6 8. Qe2 Qc7
9. O-O Ncxe5 10. Nxe5 Qxe5 11. Be4 f5 12. f4 Qf6 13. Bg2 Bd6 14. Na3 O-O 15. Nc4
Bc7 16. cxd4 cxd4 17. Bd2 Bd7 18. Bxb7 Rae8 19. Bb4 Rf7 20. Bg2 e5 21. fxe5 Nxe5
22. Rae1 Bc6 23. Bxc6 Qxc6 24. Qg2 Qxg2+ 25. Kxg2 Rf6 26. Bc5 Rfe6 27. Nxe5 Rxe5
28. Rxe5 Bxe5 29. Re1 Kf7 30. Bxa7 Ra8 31. Bc5 Kf6 32. Ra1 Ra5 33. Bb4 Rb5 34.
a3 Ke6 35. Rc1 Kd5 36. Rc8 Rb6 37. Kf3 g5 38. g4 f4 39. Rc5+ Ke6 40. Ke4 Bf6 41.
Rc7 h6 42. h3 Rb5 43. Rc6+ Kf7 44. Bc5 Rb7 45. b4 Kg7 46. a4 Be7 47. Bxd4+ Kf7
48. b5 Bb4 49. b6 Re7+ 50. Kf3 Ba5 51. Rxh6 1-0

[Event "Norway Chess Open GM 2025"]
[Site "Stavanger NOR"]
[Date "2025.05.31"]
[Round "8.9"]
[White "Haug, Havard"]
[Black "Zhu, Jiner"]
[Result "0-1"]
[WhiteTitle "FM"]
[BlackTitle "GM"]
[WhiteElo "2354"]
[BlackElo "2541"]
[WhiteFideId "1547887"]
[BlackFideId "8608059"]
[EventDate "2025.05.26"]

1. e4 c5 2. c3 Nf6 3. e5 Nd5 4. Nf3 d6 5. exd6 e6 6. d4 Bxd6 7. Bd3 cxd4 8. Nxd4
Nc6 9. O-O Nxd4 10. cxd4 Bd7 11. Nd2 Bc6 12. Nc4 Nf4 13. Nxd6+ Qxd6 14. Bxf4
Qxf4 15. Qe2 Qxd4 16. Bb5 Rc8 17. Rac1 Qb6 18. Bxc6+ Rxc6 19. Rxc6 bxc6 20. Qc4
O-O 21. b3 Rd8 22. Qc3 h6 23. g3 Rd5 24. Rc1 c5 25. a3 Qd6 26. Qf3 f5 27. Re1
Kh7 28. h4 Qd7 29. Qe2 e5 30. b4 cxb4 31. axb4 e4 32. Ra1 Rd3 33. Ra2 Rd4 34. b5
Rd1+ 35. Kh2 Qd5 36. g4 e3 37. fxe3 Qh1+ 38. Kg3 Rg1+ 39. Kf4 Qe4# 0-1

[Event "Norway Chess Open GM 2025"]
[Site "Stavanger NOR"]
[Date "2025.05.31"]
[Round "8.10"]
[White "Sivuk, Vitaly"]
[Black "Fu, Yihe"]
[Result "1-0"]
[WhiteTitle "GM"]
[BlackTitle "FM"]
[WhiteElo "2501"]
[BlackElo "2123"]
[WhiteFideId "14116502"]
[BlackFideId "8619638"]
[EventDate "2025.05.26"]

1. c4 Nf6 2. Nf3 e6 3. b3 d5 4. Bb2 a5 5. Nc3 c6 6. e3 Bd6 7. Qc2 Na6 8. a3 Nc5
9. d4 Nce4 10. Bd3 Nxc3 11. Bxc3 b6 12. O-O Ba6 13. a4 h6 14. Rfe1 O-O 15. e4
dxe4 16. Bxe4 Nxe4 17. Rxe4 Be7 18. Rae1 Bf6 19. Rg4 Ra7 20. Ne5 Rc7 21. Qb2 Kh8
22. h3 Bc8 23. Re3 Bxe5 24. dxe5 c5 25. Reg3 Rg8 26. Bd2 Kh7 27. Qc2+ g6 28. Rd3
Rd7 29. Rxd7 Qxd7 30. Rh4 Rd8 31. Bxh6 Qd1+ 32. Kh2 f5 33. Bd2+ 1-0

[Event "Norway Chess Open GM 2025"]
[Site "Stavanger NOR"]
[Date "2025.05.31"]
[Round "8.11"]
[White "Chakrabarty, Reyaansh"]
[Black "Lie, Kjetil A."]
[Result "0-1"]
[WhiteTitle "FM"]
[BlackTitle "GM"]
[WhiteElo "2346"]
[BlackElo "2493"]
[WhiteFideId "3256944"]
[BlackFideId "1501984"]
[EventDate "2025.05.26"]

1. e4 c5 2. Nf3 d6 3. d4 cxd4 4. Nxd4 Nf6 5. Nc3 g6 6. Be3 Bg7 7. f3 a6 8. Qd2
h5 9. Bc4 b5 10. Bb3 Nbd7 11. a4 bxa4 12. Bxa4 Bb7 13. Nc6 Qc7 14. Na5 O-O 15.
Nxb7 Qxb7 16. O-O Rfc8 17. Bb3 Nb6 18. Na4 Nfd7 19. Nxb6 Nxb6 20. Qb4 Rab8 21.
Qxb6 Qxb6 22. Bxb6 Rxb6 23. Ra2 Bd4+ 24. Kh1 h4 25. Rd1 Be5 26. Kg1 e6 27. Rda1
Rcc6 28. Rd1 Kg7 29. Rd3 Rc5 30. Rd1 a5 31. Kh1 Rb4 32. Kg1 Kf6 33. Rda1 Rbb5
34. Rb1 Kg5 35. Ra4 Rb4 36. Rxb4 axb4 37. Ra1 Bxb2 38. Ra4 Bd4+ 39. Kf1 Be5 40.
h3 Bc3 41. Ra6 Kf4 42. Rxd6 Ra5 43. Rd7 e5 44. Bxf7 Ra1+ 45. Kf2 Bd4+ 46. Ke2
Rg1 47. Rd6 Rxg2+ 48. Kd3 g5 49. Rf6+ Kg3 50. Be6 Bc3 51. Rf5 Rd2+ 52. Kc4 Rxc2
53. Rxg5+ Kxf3 54. Rg4 Be1+ 55. Kb5 Rc3 56. Rg1 Kf2 57. Rg7 b3 58. Ka4 b2 59.
Rb7 Rc2 60. Ba2 Bc3 61. Rc7 Rc1 62. Kb3 0-1

[Event "Norway Chess Open GM 2025"]
[Site "Stavanger NOR"]
[Date "2025.05.31"]
[Round "8.40"]
[White "Haugsdal, Arn-Tore"]
[Black "Zhou, Yang-Fan"]
[Result "0-1"]
[BlackTitle "IM"]
[WhiteElo "1950"]
[BlackElo "2425"]
[WhiteFideId "1502352"]
[BlackFideId "468584"]
[EventDate "2025.05.26"]

1. e4 c5 2. Nf3 d6 3. d4 cxd4 4. Nxd4 Nf6 5. Nc3 a6 6. h4 e5 7. Nde2 Be7 8. h5
Be6 9. h6 g6 10. Bg5 Nbd7 11. Qd2 b5 12. a3 Nb6 13. Ng3 d5 14. exd5 Nfxd5 15.
Bxe7 Qxe7 16. O-O-O O-O 17. Nce4 Rfd8 18. Qa5 f5 19. Nc3 Qg5+ 20. Rd2 Nxc3 21.
Qxc3 Na4 22. Qe3 Qxe3 23. fxe3 Rxd2 24. Kxd2 Nxb2 25. Kc1 Na4 26. Be2 Nc3 27.
Bf3 e4 28. Bd1 Rc8 29. Kd2 Nb1+ 30. Kc1 Nxa3 31. Ne2 Kf7 32. Nd4 b4 33. Be2 Bc4
34. Bd1 Be6 35. Be2 a5 36. Kd2 Bc4 37. Bd1 Ba6 38. g4 Nc4+ 39. Ke2 Ne5+ 40. Kd2
fxg4 41. Rh4 g5 42. Rh1 Nf3+ 0-1

[Event "Norway Chess Open GM 2025"]
[Site "Stavanger NOR"]
[Date "2025.05.31"]
[Round "8.13"]
[White "Adharsh K"]
[Black "Elsness, Frode"]
[Result "0-1"]
[WhiteTitle "FM"]
[BlackTitle "IM"]
[WhiteElo "2322"]
[BlackElo "2416"]
[WhiteFideId "25718207"]
[BlackFideId "1501100"]
[EventDate "2025.05.26"]

1. e4 c5 2. Nf3 d6 3. d4 cxd4 4. Nxd4 Nf6 5. Nc3 a6 6. Be2 e5 7. Nb3 Be7 8. Be3
Be6 9. O-O O-O 10. Nd5 Nbd7 11. Qd3 Bxd5 12. exd5 Ne8 13. a4 b6 14. f4 exf4 15.
Bxf4 Bg5 16. Bg3 Ne5 17. Qd4 Bf6 18. Qf2 g6 19. Nd4 Bg7 20. c4 a5 21. Rad1 Rc8
22. b3 Qd7 23. h3 Nf6 24. Bf3 Qc7 25. Nb5 Qb8 26. Bh4 Rce8 27. Rfe1 Nfd7 28. Be4
Nc5 29. Bc2 f5 30. Qd2 Bf6 31. Bg3 Qd8 32. Kh1 Bg5 33. Qc3 f4 34. Bf2 Bh4 35.
Rf1 Bxf2 36. Rxf2 Qh4 37. Qd4 Ng4 38. Rf3 Re2 39. Rc1 Ne3 40. Rxe3 Rxe3 41. Nxd6
Re1+ 42. Rxe1 Qxe1+ 43. Qg1 Qe5 44. Nb5 f3 0-1

[Event "Norway Chess Open GM 2025"]
[Site "Stavanger NOR"]
[Date "2025.05.31"]
[Round "8.16"]
[White "Bhagat Kush"]
[Black "Garcia Martin, Marta"]
[Result "1/2-1/2"]
[WhiteTitle "FM"]
[BlackTitle "IM"]
[WhiteElo "2279"]
[BlackElo "2324"]
[WhiteFideId "46672940"]
[BlackFideId "32084030"]
[EventDate "2025.05.26"]

1. d4 d5 2. Nf3 c5 3. c3 e6 4. Bf4 Bd6 5. e3 Bxf4 6. exf4 Qb6 7. Qc2 Nc6 8. dxc5
Qxc5 9. Nbd2 Nf6 10. Bd3 Qd6 11. g3 Bd7 12. O-O Rc8 13. Qd1 O-O 14. Re1 Na5 15.
Qe2 a6 16. a4 Qb6 17. b4 Nc6 18. a5 Qc7 19. Nb3 Na7 20. Nc5 Bb5 21. Ne5 Bxd3 22.
Qxd3 Nc6 23. Nxc6 Qxc6 24. Rad1 Nd7 25. Nxd7 Qxd7 26. c4 Qa4 27. cxd5 exd5 28.
Qxd5 Qxb4 29. Rb1 Qc5 30. Qxb7 Qxa5 31. Ra1 Qb5 32. Qxa6 Qxa6 33. Rxa6 Ra8 34.
Rxa8 Rxa8 35. Kg2 g6 36. Kf3 Kg7 37. h3 h5 38. Re5 Ra3+ 39. Re3 Ra5 40. Re7 Ra3+
41. Kg2 Kf6 42. Rb7 Ra6 43. Rb5 Rc6 44. Rb3 Rc2 45. Kf3 Ra2 46. g4 hxg4+ 47.
hxg4 Ra5 48. Kg3 Kg7 49. Rb7 Rc5 50. Ra7 Rb5 51. g5 Rc5 52. Kg4 Rb5 53. Re7 Rb2
54. Kg3 Rb3+ 55. Re3 Rb2 56. Re7 Rb3+ 57. f3 Ra3 58. Rb7 Rc3 59. f5 gxf5 60. Kf4
Ra3 61. Rb6 Rc3 62. Rf6 Ra3 63. Rxf5 Ra4+ 64. Kg3 Kg6 65. Rf4 Rxf4 66. Kxf4 f6
67. gxf6 Kxf6 68. Kg4 Kg6 69. f4 Kf6 70. f5 Kf7 71. Kg5 Kg7 72. f6+ Kf7 73. Kf5
Kf8 74. Kg6 Kg8 75. f7+ Kf8 76. Kf6 1/2-1/2

[Event "Norway Chess Open GM 2025"]
[Site "Stavanger NOR"]
[Date "2025.05.31"]
[Round "8.29"]
[White "Pubantz, Jan"]
[Black "Aravindhan, Achyuth"]
[Result "1-0"]
[BlackTitle "CM"]
[WhiteElo "2315"]
[BlackElo "2098"]
[WhiteFideId "12996114"]
[BlackFideId "1084216"]
[EventDate "2025.05.26"]

1. d4 d5 2. c4 dxc4 3. Nf3 Nf6 4. e3 e6 5. Bxc4 c5 6. O-O Nc6 7. dxc5 Qxd1 8.
Rxd1 Bxc5 9. b3 Bd7 10. Bb2 Ke7 11. Nbd2 Rhd8 12. Rac1 Bb4 13. Be2 Be8 14. Nc4
Rxd1+ 15. Bxd1 Na5 16. Nxa5 Bxa5 17. Ba3+ Kd8 18. Ne5 Bc7 19. Bb2 Bxe5 20. Bxe5
Bc6 21. f3 Ke7 22. e4 Rd8 23. Bc3 g5 24. Kf2 h5 25. Be2 h4 26. Rc2 Nh5 27. Bb4+
Kf6 28. g3 hxg3+ 29. hxg3 Ng7 30. Ba5 Rh8 31. e5+ Kg6 32. Bd3+ f5 33. exf6+ Kxf6
34. Bc3+ e5 35. f4 gxf4 36. gxf4 Ke6 37. Bxe5 Rh2+ 38. Kg3 Rxc2 39. Bxc2 Nf5+
40. Kf2 Bd7 41. Be4 b6 42. Bb8 a6 43. Bc7 b5 44. Bb7 Nd4 45. Bb6 Nc6 46. a3 a5
47. Ke3 Kf5 48. Bc5 Kf6 49. Ke4 Nd8 50. Bd5 Bf5+ 51. Ke3 Bd7 52. Bb6 Nc6 53. Bc5
Nd8 54. Bd4+ Ke7 55. Bc3 Nc6 56. Bb2 Kd6 57. Be4 Be6 58. Bc2 Ne7 59. Be5+ Kc5
60. Bd4+ Kd6 61. Kd2 Kd5 62. Bb6 Nf5 63. Bxa5 Nd4 64. Bd1 Ke4 65. Bb6 Nxb3+ 66.
Kc3 Kxf4 67. Bxb3 Ke5 68. Bc7+ Kf6 69. Bc2 Ke7 70. Be4 Kd7 71. Bf4 Bg4 72. Kb4
Be2 73. Kc5 Kc8 74. Kb6 Kd7 75. Kb7 Kd8 76. Bc7+ Kd7 77. Bc6+ Ke7 78. Kb6 1-0

[Event "Norway Chess Open GM 2025"]
[Site "Stavanger NOR"]
[Date "2025.05.31"]
[Round "8.17"]
[White "Hedman, Erik"]
[Black "Banerjee, Supratit"]
[Result "0-1"]
[WhiteTitle "IM"]
[BlackTitle "CM"]
[WhiteElo "2272"]
[BlackElo "2312"]
[WhiteFideId "1702351"]
[BlackFideId "2410079"]
[EventDate "2025.05.26"]

1. e4 e6 2. d4 d5 3. Nd2 c5 4. Ngf3 cxd4 5. Nxd4 Nf6 6. exd5 Nxd5 7. N2f3 Bb4+
8. Bd2 Be7 9. c4 Nf6 10. Qc2 Nc6 11. Nxc6 bxc6 12. Bd3 Qb6 13. O-O c5 14. Ne5
O-O 15. Rae1 Bb7 16. Bg5 h6 17. Bxf6 gxf6 18. Qd2 Kg7 19. Re3 fxe5 20. Rg3+ Bg5
21. Rxg5+ Kf6 22. Rh5 Rg8 23. f3 Qd6 24. Qxh6+ Ke7 25. Qe3 Rad8 26. Be2 Qd4 27.
Rxe5 Qxe3+ 28. Rxe3 Rd2 29. Rb1 Ba6 30. Kf1 Bb7 31. a3 a5 32. b4 axb4 33. axb4
cxb4 34. Rxb4 Bc6 35. Rb6 Rc8 36. Reb3 Be8 37. Rb2 Rd4 38. Kf2 Ba4 39. g3 Bd1
40. Bxd1 Rxd1 41. Rc2 Ra8 42. c5 Rda1 43. Rb7+ Kf6 44. c6 R8a2 45. Rxa2 Rxa2+
46. Kg1 Rc2 47. c7 e5 48. h4 Kf5 49. c8=Q+ Rxc8 50. Rxf7+ Ke6 51. Ra7 Rc2 52.
Ra4 Kf7 53. Re4 Kf6 54. Kf1 Kf5 55. Re2 Rc1+ 56. Kg2 Rc4 57. Kh3 Rc1 58. g4+ Kf4
59. Re4+ Kxf3 0-1

[Event "Norway Chess Open GM 2025"]
[Site "Stavanger NOR"]
[Date "2025.05.31"]
[Round "8.20"]
[White "Nissinen, Niilo Man"]
[Black "Charvi A"]
[Result "1-0"]
[WhiteTitle "CM"]
[BlackTitle "WFM"]
[WhiteElo "2301"]
[BlackElo "2056"]
[WhiteFideId "30950767"]
[BlackFideId "25165518"]
[EventDate "2025.05.26"]

1. e4 c5 2. Nf3 d6 3. d4 cxd4 4. Nxd4 Nf6 5. Nc3 a6 6. h3 e5 7. Nf3 Be7 8. g4 h6
9. Rg1 Nc6 10. Be3 b5 11. g5 hxg5 12. Nxg5 Bb7 13. a4 b4 14. Nd5 Nxd5 15. Qxd5
Bxg5 16. Rxg5 Qc7 17. Qd2 f6 18. Rg3 O-O-O 19. a5 Qf7 20. Bb6 Rd7 21. Rd3 Qg6
22. O-O-O Qh6 23. Be3 Qg6 24. Rxd6 Rxd6 25. Qxd6 Rd8 26. Qe6+ Kb8 27. Rxd8+ Nxd8
28. Qd6+ Kc8 29. Bb6 Qg5+ 30. Kb1 Ne6 31. Qxe6+ Kb8 32. Qd6+ Ka8 1-0

[Event "Norway Chess Open GM 2025"]
[Site "Stavanger NOR"]
[Date "2025.05.31"]
[Round "8.14"]
[White "Hohelj, Stanislav"]
[Black "Savitha, Shri B"]
[Result "1/2-1/2"]
[BlackTitle "IM"]
[WhiteElo "2300"]
[BlackElo "2298"]
[WhiteFideId "14101394"]
[BlackFideId "35061887"]
[EventDate "2025.05.26"]

1. e4 e5 2. Nf3 Nc6 3. Bb5 f5 4. d3 fxe4 5. dxe4 Nf6 6. Qd3 d6 7. c3 Be7 8. Nbd2
O-O 9. Bc4+ Kh8 10. Ng5 Qe8 11. Ne6 Bxe6 12. Bxe6 Nh5 13. g3 Bg5 14. Bh3 Ne7 15.
Qe2 Qg6 16. Bg4 Nf6 17. Bf3 Qf7 18. h4 Bh6 19. Bg2 Qg6 20. h5 Qg4 21. Rh4 Qxe2+
22. Kxe2 Bg5 23. Rh1 a5 24. Nf1 Bxc1 25. Rxc1 c6 26. Ne3 d5 27. exd5 cxd5 28.
Rcd1 Rad8 29. Rh4 b5 30. a3 h6 31. Ke1 Rd6 32. Bf1 Rfd8 33. Bxb5 d4 34. Nc4 Rd5
35. a4 dxc3 36. Rxd5 Nexd5 37. bxc3 Nxc3 38. Kf1 e4 39. Nxa5 Nxb5 40. axb5 Rd5
41. Nc4 Rxb5 42. Nd2 Re5 43. Ke2 Kg8 44. Ke3 Nxh5 45. Rxe4 Rb5 46. Rd4 Nf6 47.
g4 Kf7 48. f3 Ke6 49. Ra4 Kf7 50. Ra7+ Kg6 51. Ra6 Kg5 52. Ne4+ Nxe4 53. Kxe4
Rb4+ 54. Ke3 Rb3+ 55. Ke4 Rb4+ 1/2-1/2

[Event "Norway Chess Open GM 2025"]
[Site "Stavanger NOR"]
[Date "2025.05.31"]
[Round "8.21"]
[White "Fiskaaen, Martin Holten"]
[Black "Johansson, Carl Fredrik"]
[Result "1/2-1/2"]
[WhiteTitle "FM"]
[BlackTitle "CM"]
[WhiteElo "2292"]
[BlackElo "2171"]
[WhiteFideId "1550233"]
[BlackFideId "1701576"]
[EventDate "2025.05.26"]

1. d4 d5 2. c4 e6 3. Nf3 Nf6 4. g3 Bb4+ 5. Bd2 Be7 6. Bg2 c6 7. Qc2 Nbd7 8. Bf4
Ne4 9. Nc3 g5 10. Be3 f5 11. Rd1 Qa5 12. cxd5 cxd5 13. O-O g4 14. Ne1 Nxc3 15.
bxc3 Nb6 16. Nd3 Bd7 17. Qb1 Rc8 18. Nc5 Nc4 19. Nxb7 Qxc3 20. Bf4 Qb4 1/2-1/2

[Event "Norway Chess Open GM 2025"]
[Site "Stavanger NOR"]
[Date "2025.05.31"]
[Round "8.22"]
[White "Thuesen, Mogens"]
[Black "Myagmarsuren, Evsuld"]
[Result "0-1"]
[BlackTitle "FM"]
[WhiteElo "2129"]
[BlackElo "2292"]
[WhiteFideId "1400878"]
[BlackFideId "1551639"]
[EventDate "2025.05.26"]

1. d4 d5 2. c4 e6 3. Nc3 c6 4. Nf3 Nf6 5. e3 Nbd7 6. Bd3 dxc4 7. Bxc4 b5 8. Bd3
Bd6 9. O-O O-O 10. Qc2 Bb7 11. e4 e5 12. Bg5 exd4 13. Nxd4 Bxh2+ 14. Kh1 h6 15.
Bh4 Be5 16. Nf5 g6 17. f4 Bxc3 18. bxc3 Qc7 19. Ne7+ Kg7 20. e5 Nd5 21. Nxd5
cxd5 22. Bxb5 Nc5 23. Bf6+ Kh7 24. Bd3 Ne4 25. Bxe4 dxe4 26. Rae1 Ba6 27. Qxe4
Bxf1 28. Rxf1 Qxc3 29. Rf3 Qc1+ 30. Kh2 Rac8 31. f5 Rc4 32. Qd3 g5 33. Rf1 Rh4+
34. Kg3 Qc7 35. Qe3 Rc8 36. Rf3 Qc2 37. e6 Rcc4 0-1